00795nam a2200193Ia 4500008004100000020001500041041001200056082001600068100001200084245008600096260002900182300000900211650001600220700001200236942000700248999001500255952017100270952016000441221030s9999 xx 000 0 und d a8125906827 aEnglish a105.23bLeo aA. Leon 0aFundamentals of Computer Science & Communication Engineeringcby A. Leon, M. Leon bLeon TechaChennaic1998 a33.3 aBE Computer aM. Leon cBK c6594d6594 pBE 1896g150.00l0o105.23 Leor2024-06-13 00:00:00w2022-10-30yBK003Print4070aMIETLIBbMIETLIBcBL-Academic Block C, FL-2, CUP-48, SH-4, R-4d2000-09-1510HBE pBE 2031g150.00l0o105.23 Leor2024-06-13 00:00:00w2022-10-30yBK003Print4071aMIETLIBbMIETLIBcBL-First, FL-1, CUP-58, SH-2, R-2d2000-09-2810HBE